00306nam a2200121Ia 4500100002100000650000800021654000800029245007600037260002900113082002200142300000800164546001200172 aChassiang/Rulph  aDSP aDSP aDigital signal processing and applications with the C6713 and C6416 DSK bWiley Intersciencec2005 a621.3822/CHAbCHA a518 aENGLISH